[Event "CRO-chT1A 32nd"]
[Site "Veli Losinj"]
[Date "2024.10.13"]
[Round "9.1"]
[White "Aczel, Gergely"]
[Black "Kryvoruchko, Yuriy"]
[Result "1-0"]
[WhiteElo "2460"]
[BlackElo "2643"]
[PlyCount "117"]
[EventDate "2024.10.05"]
[EventType "team-tourn"]
[EventRounds "9"]
[EventCountry "CRO"]
[SourceTitle "CB47_2024"]
[SourceDate "2024.11.20"]
[SourceVersion "1"]
[SourceVersionDate "2024.11.20"]
[SourceQuality "1"]
[WhiteTeam "Bibinje Goran"]
[BlackTeam "Kastel Novi"]
[WhiteTeamCountry "CRO"]
[BlackTeamCountry "CRO"]

1. d4 Nf6 2. c4 e6 3. Nc3 Bb4 4. e3 0-0 5. Bd2 b6 6. Nf3 d5 7. cxd5 exd5 8. Rc1 a5 9. Be2 Re8 10. 0-0 c6 11. Ne5 Bd6 12. f4 b5 13. Be1 b4 14. Na4 Qc7 15. Bh4 Ne4 16. Bd3 Ba6 17. Bxe4 Bxf1 18. Bxd5 Bxe5 19. fxe5 Bb5 20. Be4 Nd7 21. Qh5 h6 22. Nc5 Nxc5 23. Rxc5 Qd7 24. Bf5 Re6 25. h3 Qe8 26. Qg4 Kh8 27. Kh2 Ra7 28. e4 Ra8 29. Qh5 Qf8 30. Qg4 Qe8 31. Kh1 a4 32. a3 bxa3 33. bxa3 Rb8 34. Kh2 Bd3 35. Qf4 g5 36. Qd2 Bxe4 37. Bxe4 gxh4 38. Bf5 Rb3 39. Qf4 Rxa3 40. Qxh4 Ra2 41. Bxe6 Qxe6 42. Rc3 Kh7 43. Rg3 Qf5 44. Rg4 Qf3 45. Rg3 Qf5 46. Qd8 Rxg2+ 47. Kxg2 Qc2+ 48. Kf3 Qd1+ 49. Kf4 Qd2+ 50. Re3 Qf2+ 51. Ke4 Qg2+ 52. Rf3 Qe2+ 53. Kf4 Qh2+ 54. Kf5 Qc2+ 55. Kf4 Qh2+ 56. Ke3 Qg1+ 57. Ke2 Qg2+ 58. Rf2 Qe4+ 59. Kd2 1-0

[Event "ESP-chT Rapid"]
[Site "Ubeda"]
[Date "2024.08.25"]
[Round "4.9"]
[White "Ibarra Jerez, Jose Carlos"]
[Black "Kryvoruchko, Yuriy"]
[Result "1/2-1/2"]
[WhiteElo "2559"]
[BlackElo "2650"]
[PlyCount "82"]
[EventDate "2024.08.25"]
[EventType "team-swiss (rapid)"]
[EventRounds "7"]
[EventCountry "ESP"]
[SourceTitle "CBM 221 Extra"]
[Source "ChessBase"]
[SourceDate "2024.09.30"]
[SourceVersion "1"]
[SourceVersionDate "2024.09.30"]
[SourceQuality "1"]
[WhiteTeam "Costa Calida"]
[BlackTeam "Manises Eva"]
[WhiteTeamCountry "ESP"]
[BlackTeamCountry "ESP"]

1. e4 e5 2. Nf3 Nc6 3. d4 exd4 4. Nxd4 Nf6 5. Nxc6 bxc6 6. Nd2 d5 7. exd5 cxd5 8. Bb5+ Bd7 9. Bxd7+ Qxd7 10. 0-0 Be7 11. b3 0-0 12. Bb2 Ng4 13. Qf3 Bf6 14. Bxf6 Nxf6 15. Rad1 Rfe8 16. c4 d4 17. Rfe1 c5 18. h3 h6 19. Kf1 a5 20. Rxe8+ Rxe8 21. Re1 a4 22. Rxe8+ Qxe8 23. bxa4 Qxa4 24. Qb3 Qa5 25. Ke2 Qc7 26. a4 Nd7 27. Nf3 Nf6 28. Nd2 Nd7 29. Nf3 Qa5 30. Qb5 Qc3 31. Qxd7 Qxc4+ 32. Kd1 Qb3+ 33. Ke1 Qc3+ 34. Kf1 Qc4+ 35. Kg1 d3 36. a5 Qc1+ 37. Kh2 Qf4+ 38. Kh1 Qc1+ 39. Kh2 Qf4+ 40. Kh1 Qc1+ 41. Kh2 Qf4+ 1/2-1/2

[Event "ESP-chT Rapid"]
[Site "Ubeda"]
[Date "2024.08.25"]
[Round "7.9"]
[White "Kryvoruchko, Yuriy"]
[Black "Cuartas, Jaime Alexander"]
[Result "1-0"]
[WhiteElo "2650"]
[BlackElo "2523"]
[PlyCount "140"]
[EventDate "2024.08.25"]
[EventType "team-swiss (rapid)"]
[EventRounds "7"]
[EventCountry "ESP"]
[SourceTitle "CBM 221 Extra"]
[Source "ChessBase"]
[SourceDate "2024.09.30"]
[SourceVersion "1"]
[SourceVersionDate "2024.09.30"]
[SourceQuality "1"]
[WhiteTeam "Manises Eva"]
[BlackTeam "Barbera"]
[WhiteTeamCountry "ESP"]
[BlackTeamCountry "ESP"]

1. e4 e5 2. Nf3 Nc6 3. Bb5 g6 4. 0-0 Bg7 5. c3 a6 6. Ba4 Nge7 7. d4 exd4 8. cxd4 b5 9. Bc2 d5 10. exd5 Nb4 11. Bb3 Nbxd5 12. Nc3 h6 13. Re1 0-0 14. Ne4 Kh7 15. Bd2 a5 16. a4 b4 17. Rc1 Nf5 18. Rc5 Nf6 19. Nxf6+ Qxf6 20. Rxc7 Nxd4 21. Nxd4 Qxd4 22. Bxf7 Ra7 23. Bxg6+ Kxg6 24. Rxc8 Rxc8 25. Qb1+ Kf6 26. Be3 Qd7 27. Rd1 Rd8 28. Rd4 Qxd4 29. Bxd4+ Rxd4 30. g3 Rc7 31. Kg2 b3 32. Qe1 Rxa4 33. Qd1 Rac4 34. Qxb3 a4 35. Qf3+ Kg6 36. b3 axb3 37. Qxb3 Rc2 38. h4 R2c5 39. Qd3+ Kf7 40. h5 R7c6 41. f4 Kf8 42. Qd8+ Kf7 43. Kf3 Ke6 44. Qe8+ Kd5 45. Qd7+ Kc4 46. Qxg7 Kb5 47. Kg4 Rd6 48. Kh4 Rdc6 49. g4 Rd6 50. Qb2+ Kc4 51. Qe2+ Kb4 52. Qe7 Rd4 53. Qf8 Rd1 54. Qxh6 Rh1+ 55. Kg3 Rc3+ 56. Kg2 Rhc1 57. Qb6+ Kc4 58. Qe6+ Kc5 59. Qe5+ Kc6 60. Qe4+ Kd6 61. Kf2 R1c2+ 62. Ke1 Rc4 63. Qe5+ Kc6 64. h6 Rh2 65. Kd1 Rb4 66. Qc3+ Kb5 67. Qd3+ Kc6 68. h7 Rb5 69. h8Q Rxh8 70. Qc3+ Kd5 1-0

[Event "ESP-chT Rapid"]
[Site "Ubeda"]
[Date "2024.08.25"]
[Round "3.5"]
[White "Kryvoruchko, Yuriy"]
[Black "Gledura, Benjamin"]
[Result "1/2-1/2"]
[WhiteElo "2650"]
[BlackElo "2620"]
[PlyCount "61"]
[EventDate "2024.08.25"]
[EventType "team-swiss (rapid)"]
[EventRounds "7"]
[EventCountry "ESP"]
[SourceTitle "CBM 221 Extra"]
[Source "ChessBase"]
[SourceDate "2024.09.30"]
[SourceVersion "1"]
[SourceVersionDate "2024.09.30"]
[SourceQuality "1"]
[WhiteTeam "Manises Eva"]
[BlackTeam "Oromana CEN Solutions"]
[WhiteTeamCountry "ESP"]
[BlackTeamCountry "ESP"]

1. e4 e5 2. Nf3 Nc6 3. Bb5 a6 4. Ba4 Nf6 5. 0-0 Be7 6. d3 b5 7. Bb3 0-0 8. a4 b4 9. a5 d6 10. Nbd2 Rb8 11. h3 h6 12. Nc4 Be6 13. Be3 Qc8 14. Nfd2 Nd7 15. Ba4 Nd8 16. Qe2 Bg5 17. d4 exd4 18. Bxd4 d5 19. f4 dxc4 20. fxg5 hxg5 21. Nxc4 f6 22. Rad1 Nf7 23. Bb3 Re8 24. Qh5 Rb5 25. Ne3 Bxb3 26. cxb3 Rxe4 27. Qg6 Nd6 28. Bxf6 Nxf6 29. Rxf6 Rxe3 30. Rdxd6 cxd6 31. Qf7+ 1/2-1/2

[Event "ESP-chT Rapid"]
[Site "Ubeda"]
[Date "2024.08.25"]
[Round "1.9"]
[White "Kryvoruchko, Yuriy"]
[Black "Martinez Duany, Lelys Stanley"]
[Result "1-0"]
[WhiteElo "2650"]
[BlackElo "2439"]
[PlyCount "83"]
[EventDate "2024.08.25"]
[EventType "team-swiss (rapid)"]
[EventRounds "7"]
[EventCountry "ESP"]
[SourceTitle "CBM 221 Extra"]
[Source "ChessBase"]
[SourceDate "2024.09.30"]
[SourceVersion "1"]
[SourceVersionDate "2024.09.30"]
[SourceQuality "1"]
[WhiteTeam "Manises Eva"]
[BlackTeam "Gijon 64"]
[WhiteTeamCountry "ESP"]
[BlackTeamCountry "ESP"]

1. e4 c5 2. Nf3 Nc6 3. Bb5 g6 4. 0-0 Bg7 5. c3 Nf6 6. Re1 0-0 7. d4 d5 8. e5 Ne4 9. Be3 cxd4 10. cxd4 f5 11. exf6 exf6 12. Nc3 Nxc3 13. bxc3 Qd6 14. c4 Be6 15. Bf4 Qd7 16. Rc1 Bf7 17. Nd2 a6 18. Bxc6 bxc6 19. c5 Rfe8 20. Rxe8+ Rxe8 21. Nb3 g5 22. Bd6 Bg6 23. Na5 f5 24. Qa4 f4 25. f3 Qe6 26. Be5 Bxe5 27. dxe5 Qxe5 28. Qd1 Qe3+ 29. Kh1 g4 30. Nxc6 Bd3 31. fxg4 Re6 32. Nd4 Qxd4 33. c6 Re8 34. c7 Rc8 35. g5 Qe3 36. Rc3 d4 37. Rxd3 Qe5 38. Rxd4 Rxc7 39. h3 f3 40. gxf3 Qg3 41. Rd8+ Kg7 42. Qd4+ 1-0

[Event "ESP-chT Rapid"]
[Site "Ubeda"]
[Date "2024.08.25"]
[Round "5.17"]
[White "Kryvoruchko, Yuriy"]
[Black "Scavo, Fernando"]
[Result "1-0"]
[WhiteElo "2650"]
[BlackElo "2191"]
[PlyCount "53"]
[EventDate "2024.08.25"]
[EventType "team-swiss (rapid)"]
[EventRounds "7"]
[EventCountry "ESP"]
[SourceTitle "CBM 221 Extra"]
[Source "ChessBase"]
[SourceDate "2024.09.30"]
[SourceVersion "1"]
[SourceVersionDate "2024.09.30"]
[SourceQuality "1"]
[WhiteTeam "Manises Eva"]
[BlackTeam "Cruz Roja"]
[WhiteTeamCountry "ESP"]
[BlackTeamCountry "ESP"]

1. e4 e6 2. d4 d5 3. Nc3 Bb4 4. e5 c5 5. a3 Bxc3+ 6. bxc3 Qa5 7. Bd2 Qa4 8. Qg4 Kf8 9. Bd3 b6 10. Nf3 Ba6 11. 0-0 Bxd3 12. cxd3 Ne7 13. c4 Nbc6 14. Rfc1 cxd4 15. cxd5 exd5 16. Bb4 Nxb4 17. axb4 Qb5 18. Rc7 Qxd3 19. Nxd4 Re8 20. Qf4 Qg6 21. h3 a5 22. bxa5 bxa5 23. Rxa5 h5 24. Raa7 Qb1+ 25. Kh2 Qe4 26. Qxe4 dxe4 27. Nc6 1-0

[Event "HUN-ch Rapid"]
[Site "Ajka"]
[Date "2024.07.21"]
[Round "9"]
[White "Kryvoruchko, Yuriy"]
[Black "Bodi, Tibor"]
[Result "1-0"]
[WhiteElo "2650"]
[BlackElo "2305"]
[PlyCount "74"]
[EventDate "2024.07.20"]
[EventType "swiss (rapid)"]
[EventRounds "11"]
[EventCountry "HUN"]
[SourceTitle "CBM 221 Extra"]
[Source "ChessBase"]
[SourceDate "2024.09.30"]
[SourceVersion "1"]
[SourceVersionDate "2024.09.30"]
[SourceQuality "1"]

1. e4 Nf6 2. e5 Nd5 3. d4 d6 4. Nf3 Nb6 5. Be2 g6 6. 0-0 Bg7 7. Bf4 0-0 8. Nc3 Nc6 9. exd6 cxd6 10. d5 Ne5 11. Nxe5 dxe5 12. Be3 Bf5 13. a4 Rc8 14. a5 Nc4 15. Bxc4 Rxc4 16. Bxa7 e4 17. Na4 Qe8 18. c3 Qb5 19. Be3 Rd8 20. Nb6 Rc7 21. Qd2 Be5 22. Bf4 Bd6 23. c4 Rxc4 24. Nxc4 Qxc4 25. Bxd6 Rxd6 26. Rfc1 Qb5 27. b4 Rxd5 28. Qc3 Bg4 29. h3 Be2 30. Qe3 Bd3 31. Rc5 Qd7 32. Rac1 Kg7 33. Rc7 Qd6 34. Rxb7 f5 35. Qb6 Qe5 36. Qc7 e3 37. Qxe7+ Kh6 1-0